Navādirāt-i ʻAllāmah Iqbāl / (Record no. 3069)

000 -LEADER
fixed length control field 01518cam a2200361 i 4500
001 - CONTROL NUMBER
control field 18426518
003 - CONTROL NUMBER IDENTIFIER
control field OSt
005 - DATE AND TIME OF LATEST TRANSACTION
control field 20170105101208.0
008 - FIXED-LENGTH DATA ELEMENTS--GENERAL INFORMATION
fixed length control field 150106s2015 pk b 001 0 urd
010 ## - LIBRARY OF CONGRESS CONTROL NUMBER
LC control number 2014324214
020 ## - INTERNATIONAL STANDARD BOOK NUMBER
International Standard Book Number 9789695623497
025 ## - OVERSEAS ACQUISITION NUMBER
Overseas acquisition number P-U-2014324214; 15
037 ## - SOURCE OF ACQUISITION
Source of stock number/acquisition Library of Congress -- Islamabad Overseas Office
Terms of availability Rs 900.00
040 ## - CATALOGING SOURCE
Original cataloging agency DLC
Language of cataloging eng
Description conventions rda
Transcribing agency DLC
Modifying agency DLC
042 ## - AUTHENTICATION CODE
Authentication code lcode
-- pcc
050 00 - LIBRARY OF CONGRESS CALL NUMBER
Classification number PK2199.I65
Item number Z79475 2015
066 ## - CHARACTER SETS PRESENT
Alternate G0 or G1 character set (3
-- (4
245 00 - TITLE STATEMENT
Linkage 880-01
Title Navādirāt-i ʻAllāmah Iqbāl /
Statement of responsibility, etc. murattib, Ḍākṭar Nadīm Shafīq Malik.
260 ## - PUBLICATION, DISTRIBUTION, ETC.
Place of publication, distribution, etc. Lahore
Name of publisher, distributor, etc. Fiction House
Date of publication, distribution, etc. 2015
300 ## - PHYSICAL DESCRIPTION
Extent 336 pages ;
Dimensions 23 cm
504 ## - BIBLIOGRAPHY, ETC. NOTE
Bibliography, etc. note Includes bibliographical references and index.
520 ## - SUMMARY, ETC.
Summary, etc. Articles on the works of Sir Muhammad Iqbal, 1877-1938, Urdu and Persian poet.
546 ## - LANGUAGE NOTE
Language note In Urdu.
600 10 - SUBJECT ADDED ENTRY--PERSONAL NAME
Personal name Iqbal, Muhammad,
Titles and other words associated with a name Sir,
Dates associated with a name 1877-1938.
Title of a work Criticism and interpretation.
700 1# - ADDED ENTRY--PERSONAL NAME
Linkage 880-03
Personal name Malik, Nadeem Shafiq,
Relator term author.
856 41 - ELECTRONIC LOCATION AND ACCESS
Materials specified Table of contents only
Uniform Resource Identifier <a href="http://www.loc.gov/catdir/toc/fy16pdf01/2014324214.html">http://www.loc.gov/catdir/toc/fy16pdf01/2014324214.html</a>
880 00 - ALTERNATE GRAPHIC REPRESENTATION
Linkage 245-01/(3/r‏
Title ‏نوادرات علّامه اقبال /‏
c ‏مرتّب، ڈاکٹر نديم شفيق ملک.
880 #1 - ALTERNATE GRAPHIC REPRESENTATION
Linkage 264-02/(3/r‏
Title ‏لاهور :‏
b ‏فکشن هاؤس،‏
c ‏‪2015‬.
880 1# - ALTERNATE GRAPHIC REPRESENTATION
Linkage 700-03/(3/r‏
Title ‏ملک، ندييم شفق،‏
906 ## - LOCAL DATA ELEMENT F, LDF (RLIN)
a 7
b cbc
c origode
d 3
e ncip
f 20
g y-nonroman
942 ## - ADDED ENTRY ELEMENTS (KOHA)
Source of classification or shelving scheme
Koha item type Book
Holdings
Withdrawn status Lost status Source of classification or shelving scheme Damaged status Not for loan Permanent Location Current Location Shelving location Date acquired Full call number Barcode Date last seen Price effective from Koha item type
          Central Library (CL) Central Library (CL) General Stacks 05/05/2016 928.914391 MAL S3H-D-115 05/05/2016 05/05/2016 Book
          Central Library (CL) Central Library (CL) General Stacks 05/05/2016 928.914391 MAL S3H-D-116 05/05/2016 05/05/2016 Book
© 2023 Central Library, National University of Sciences and Technology. All Rights Reserved.